000 00652nam a2200181 4500
001 137063
003 ES-MaACL
005 20250930063123.0
007 t|
008 070214s1968 xxu r ||||1| spa d
100 1 _aSalas Barbadillo, Alonso Jerónimo de,
_d1581-1635
_9101754
245 1 3 _aLa estafeta del dios Momo /
_cpor Alonso J. Salas Barbadillo ; edición e introducción... Alfredo Rodríguez.
260 _aNew York :
_bLas Américas Publishing Company,
_c1968.
300 _a204 p. ;
_c19 cm.
700 1 _aRodríguez López-Vázquez, Alfredo,
_d1932-
_998618
852 _aES-MaACL
_jC-35824
_bR.69371
999 _c137063
_d137063